Statistiques concernant Astérix... ou Obélix?

Cliquez ici pour prendre le quiz!

Statistiques générales

  • Ce quiz a été pris 9 153 fois
    (9 142 depuis la dernière actualisation)
  • Le résultat moyen est 9 sur 15

Statistiques - réponses

QuestionRéponse% Correct
Est tombé dans la potion magique quand il était petitObélix
99%
Est présent sur le plus grand nombre de vignettesAstérix
94%
Est livreur de menhirsObélix
92%
A été interprété par Christian ClavierAstérix
88%
Porte un glaiveAstérix
85%
Est le maître d'IdéfixObélix
83%
A été créé le premierAstérix
82%
Est (habituellement) très amoureux de FalbalaObélix
79%
A pour parents Astronomix et PralineAstérix
60%
A un cousin germain (mais "Breton")Astérix
53%
A une pièce de monnaie en circulation à son effigieAstérix
38%
Est présent dans le titre du premier jeu vidéo tiré de la licenceAstérix
30%
Donne son nom à au moins une attraction du Parc Astérix (expositions non comprises)Obélix
18%
Donne son nom à un objet en orbite autour d'un objet célesteLes deux
11%
A un nom se rapportant à un signe de ponctuationLes deux
6%

Distribution des résultats

Percentile par nombre de réponses

% des personnes avec chaque résultat

Votre développement - résultats

Vous n’avez pas pris ce quiz depuis la dernière actualisation